banner-ar

MUSIC AND PEOPLE WITH DEVRLOPMENTAL DISABILITIES / (Record no. 25336)

MARC details
000 -الفاتح
حقل البيانات ثابتة الطول 00489nam a2200169Ia 4500
008 - عناصر البيانات ثابتة الطول - معلومات عامة
حقل البيانات ثابتة الطول 140319s9999 xx 000 0 eng d
040 ## - مصدر الفهرسة
وكالة الفهرسة الأصلية GCL /
وكالة النسخ GCL
082 04 - رقم تصنيف ديوى العشرى
رقم التصنيف 615.85154
رقم المادة S M
100 1# - المدخل الرئيسى - إسم شخصى
الإسم الشخصى SCHALKWIJK, F.W.
245 10 - بيان العنوان
العنوان MUSIC AND PEOPLE WITH DEVRLOPMENTAL DISABILITIES /
بيان المسئوليه,etc SCHALKWIJK, F.W.
260 ## - PUBLICATION, DISTRIBUTION, ETC. (IMPRINT)
تاريخ النشر أو التوزيع 1994
300 ## - الوصف المادى
التعداد 112
650 04 - المدخل الاضافى بالموضوع-مصطلح موضوعى
مصطلح موضوعي MUSIC - THERAPY
650 04 - المدخل الاضافى بالموضوع-مصطلح موضوعى
مصطلح موضوعي MENTALLY HANDICAPPED EDUCATION
942 ## - عناصر المدخل الإضافي( كوها)
مصدر التصنيف او مخطط الترفيف Dewey Decimal Classification
Koha [default] item type كتاب
260 ## - PUBLICATION, DISTRIBUTION, ETC. (IMPRINT)
-- [S.N] :
-- JESSICA KINGSLEY PUBLISHERS ،
Holdings
حالة التراجع حالة الفقد حالة تلف ليس للاعارة المكان المؤقت الموقع الحالى تاريخ الاكتساب اجمالي اﻻعارات رقم الطلب الباركود تاريخ اخر مشاهدة تاريخ تفعيل السعر نوع وعاء كوها
        مكتبة القاهرة الكبرى مكتبة القاهرة الكبرى 03/26/2014   615.85154\S M 44664 03/26/2014 03/26/2014 كتاب
        مكتبة القاهرة الكبرى مكتبة القاهرة الكبرى 03/26/2014   615.85154\S M 44665 03/26/2014 03/26/2014 كتاب

Powered By

EGPV